000 00437nam a2200133Ia 4500
008 200902s9999 xx 000 0 und d
020 _a978-621-406-042-9
100 _aFlores, Marivic F.
245 _cMarivic Flores.--
_aPersonal financial management :
_btext and cases /
260 _aManila :
_bMindshapers Co., Inc.
_c2018
300 _axi , 238 pages :
_billustrations ;
_c23 cm.
650 _aFinance
650 _aFinancial management
999 _c363986
_d363986